| 000 | 00831nam a2200121Ia 4500 | ||
|---|---|---|---|
| 008 | 220620s9999||||xx |||||||||||||| ||und|| | ||
| 100 | _aWilliam B. Hesseltine (Ed.) | ||
| 245 | 0 | _aDr. J. G. M. Ramsey: Autobiography and Letters | |
| 546 | _aEnglish[eng] | ||
| 650 | _aPhysicians--East Tennessee--Biography||East Tennessee History--Civil War||1797-1884||1797-1884--Correspondence||Historians--East Tennessee--Biography||Businessmen--East Tennessee--Biography||Knoxville Tenn. Region--Biography||James Gettys McGready Ramsey||1861-1865--Personal narratives||Landowners--East Tennessee--Biography||Confederate||J. G. M. Ramsey||Dept of the Treasury--Officials and employees--Biography||Confederate States of America | ||
| 856 | _uhttp://trace.tennessee.edu/cgi/viewcontent.cgi?article=1001&context=utk_appalachian-echoes | ||
| 942 | _cEB | ||
| 999 |
_c26980 _d26980 |
||